Five things to ask the genie (Record no. 83594)

MARC details
000 -LEADER
fixed length control field 00959cab a22001935 4500
001 - CONTROL NUMBER
control field L154363
008 - FIXED-LENGTH DATA ELEMENTS--GENERAL INFORMATION
fixed length control field 111118e20111118xxkad f s 000 0 eng u
035 ## - SYSTEM CONTROL NUMBER
System control number (Sirsi) u154363
041 0# - LANGUAGE CODE
Language code of text/sound track or separate title eng
100 1# - MAIN ENTRY--PERSONAL NAME
Personal name Withers, Iain
245 00 - TITLE STATEMENT
Title Five things to ask the genie
Remainder of title league tables of Britain's top 20 most active specialists by sector
260 ## - PUBLICATION, DISTRIBUTION, ETC.
Date of publication, distribution, etc. 2011
490 #0 - SERIES STATEMENT
Series statement Building
Volume/sequential designation 276 (8704) 18 November 2011, 32-39(6)
520 ## - SUMMARY, ETC.
Summary, etc. Presents commentary and lists of Britain's most active specialist contractors November 2010-September 2011: foundations specialists, external wall specialists, frame specialists, H&V specialists, roofing specialists, M&E specialists, mechanical specialists, interior fit-out specialists and electrical specialists. All lists show company names, total projects value and total number of projects.
651 #4 - SUBJECT ADDED ENTRY--GEOGRAPHIC NAME
Geographic name United Kingdom
Chronological subdivision
690 ## - LOCAL SUBJECT ADDED ENTRY--TOPICAL TERM (OCLC, RLIN)
Topical term or geographic name as entry element BUILT ENVIRONMENT-CONSTRUCTION MARKET
710 ## - ADDED ENTRY--CORPORATE NAME
Corporate name or jurisdiction name as entry element ABI Inform
9 (RLIN) 5991
942 ## - ADDED ENTRY ELEMENTS (KOHA)
Suppress in OPAC 0
Holdings
Withdrawn status Lost status Source of classification or shelving scheme Damaged status Not for loan Home library Current library Shelving location Date acquired Total Checkouts Full call number Barcode Date last seen Copy number Price effective from Koha item type
    Dewey Decimal Classification     London London Journal article 18/11/2011   L154363 154363-1001 06/08/2019 1 06/08/2019 Journal article